[Event "GER-chT U14 Girls"]
[Site "Neumuenster"]
[Date "2017.12.27"]
[Round "1.2"]
[White "Reichelt, Lena"]
[Black "Schilay, Maria"]
[Result "0-1"]
[WhiteElo "1549"]
[BlackElo "1375"]
[PlyCount "68"]
[EventDate "2017.12.26"]
[EventType "team-swiss"]
[EventRounds "7"]
[EventCountry "GER"]
[SourceTitle "CBM 182 Extra"]
[Source "ChessBase"]
[SourceDate "2018.02.23"]
[SourceVersion "1"]
[SourceVersionDate "2018.02.23"]
[SourceQuality "1"]
[WhiteTeam "Nordhorn Blanke"]
[BlackTeam "Neumarkt"]
[WhiteTeamCountry "GER"]
[BlackTeamCountry "GER"]

1. d4 d5 2. Nf3 Nf6 3. e3 e6 4. c4 c5 5. cxd5 Nxd5 6. Nc3 cxd4 7. Nxd5 Qxd5 8. exd4 Nc6 9. a3 Be7 10. Be2 Bf6 11. Be3 0-0 12. Qd3 Rd8 13. Rd1 b6 14. Qc4 Bb7 15. Qxd5 Rxd5 16. Bc4 Rd7 17. 0-0 Rad8 18. Bb5 e5 19. Rc1 exd4 20. Bxc6 Bxc6 21. Bxd4 Bxd4 22. Nxd4 Bxg2 23. Kxg2 Rxd4 24. Rc7 R4d7 25. Rfc1 g6 26. Kf3 Kg7 27. Kf4 h6 28. h4 Rd4+ 29. Kg3 R8d7 30. R1c2 a5 31. R7c6 Rd3+ 32. f3 Rb3 33. R2c3 Rxb2 34. Kh3 Rdd2 0-1

[Event "GER-chT Lands U20"]
[Site "Hannover"]
[Date "2017.10.04"]
[Round "7.8"]
[White "Reichelt, Lena"]
[Black "Kalina, Lena"]
[Result "1/2-1/2"]
[WhiteElo "1524"]
[BlackElo "1552"]
[PlyCount "103"]
[EventDate "2017.09.29"]
[EventType "team-swiss"]
[EventRounds "7"]
[EventCountry "GER"]
[SourceTitle "EXT 2018"]
[Source "ChessBase"]
[SourceDate "2017.10.13"]
[SourceVersion "1"]
[SourceVersionDate "2017.10.13"]
[SourceQuality "1"]
[WhiteTeam "Niedersachsen U20"]
[BlackTeam "Rheinland Pfalz U20"]
[WhiteTeamCountry "GER"]
[BlackTeamCountry "GER"]

1. d4 Nf6 2. Nf3 g6 3. c4 Bg7 4. Nc3 0-0 5. e4 d6 6. Bg5 Nbd7 7. Be2 e5 8. 0-0 a5 9. Re1 b6 10. Bf1 Bb7 11. Qc2 h6 12. Bxf6 Bxf6 13. Rad1 Bg7 14. d5 Nc5 15. a3 a4 16. Nb5 Bc8 17. h3 f5 18. exf5 Bxf5 19. Qd2 Be4 20. Be2 Nb3 21. Qe3 Bc2 22. Nd2 Bxd1 23. Bxd1 Nc5 24. Nc3 Qf6 25. Nde4 Nxe4 26. Nxe4 Qf4 27. Qxf4 Rxf4 28. Bg4 Kh7 29. Be6 Rb8 30. Bd7 Ra8 31. Bc6 Ra7 32. f3 Rf8 33. Re2 Bf6 34. Kh2 Bg5 35. Kg1 Bf4 36. Kh1 Bg5 37. Kg1 Be7 38. Kh2 g5 39. Rf2 h5 40. g4 Kg6 41. Kg3 hxg4 42. hxg4 Rh8 43. Rh2 Rh4 44. Kg2 Ra5 45. Kg3 Ra6 46. Bb7 Ra7 47. Bc6 Ra5 48. Kg2 Bf6 49. Kg3 Be7 50. Kg2 Ra7 51. Kg3 Ra5 52. Kg2 1/2-1/2

[Event "GER-chT Lands U20"]
[Site "Hannover"]
[Date "2017.10.03"]
[Round "6.8"]
[White "Zhou, Lepu Coco"]
[Black "Reichelt, Lena"]
[Result "1-0"]
[WhiteElo "1470"]
[BlackElo "1524"]
[PlyCount "75"]
[EventDate "2017.09.29"]
[EventType "team-swiss"]
[EventRounds "7"]
[EventCountry "GER"]
[SourceTitle "EXT 2018"]
[Source "ChessBase"]
[SourceDate "2017.10.13"]
[SourceVersion "1"]
[SourceVersionDate "2017.10.13"]
[SourceQuality "1"]
[WhiteTeam "Berlin U20"]
[BlackTeam "Niedersachsen U20"]
[WhiteTeamCountry "GER"]
[BlackTeamCountry "GER"]

1. e4 c5 2. Nf3 Nc6 3. d4 cxd4 4. Nxd4 Nf6 5. Nc3 e5 6. Ndb5 d6 7. Nd5 Nxd5 8. exd5 Nb8 9. c4 a6 10. Nc3 Nd7 11. Be2 f5 12. Qc2 g6 13. Bd2 Bg7 14. 0-0 0-0 15. f4 Nf6 16. Rab1 Bd7 17. b4 e4 18. c5 Be8 19. h3 dxc5 20. bxc5 Kh8 21. d6 Bc6 22. Be3 Qd7 23. Rfd1 Rac8 24. Qd2 Rfd8 25. Bc4 Qe8 26. Nd5 Nxd5 27. Bxd5 Bxd5 28. Qxd5 Qd7 29. Qxb7 Qxb7 30. Rxb7 Kg8 31. Rb6 a5 32. c6 Bf8 33. d7 Rc7 34. Rd5 Bb4 35. Rxb4 axb4 36. Bb6 Rxc6 37. Bxd8 Rc1+ 38. Kh2 1-0

[Event "GER-chT Lands U20"]
[Site "Hannover"]
[Date "2017.10.02"]
[Round "4.8"]
[White "Peglau, Mirjam"]
[Black "Reichelt, Lena"]
[Result "1-0"]
[WhiteElo "1595"]
[BlackElo "1524"]
[PlyCount "33"]
[EventDate "2017.09.29"]
[EventType "team-swiss"]
[EventRounds "7"]
[EventCountry "GER"]
[SourceTitle "EXT 2018"]
[Source "ChessBase"]
[SourceDate "2017.10.13"]
[SourceVersion "1"]
[SourceVersionDate "2017.10.13"]
[SourceQuality "1"]
[WhiteTeam "Sachsen U20"]
[BlackTeam "Niedersachsen U20"]
[WhiteTeamCountry "GER"]
[BlackTeamCountry "GER"]

1. e4 c5 2. Nf3 Nc6 3. d4 cxd4 4. Nxd4 Nf6 5. Nc3 e5 6. Nb3 Bb4 7. f3 d5 8. Nd2 dxe4 9. fxe4 Bxc3 10. bxc3 0-0 11. Bd3 Be6 12. 0-0 Rc8 13. Nb3 Qb6+ 14. Kh1 h6 15. Rxf6 gxf6 16. Bxh6 Rfd8 17. Qf3 1-0

[Event "GER-chT Lands U20"]
[Site "Hannover"]
[Date "2017.10.01"]
[Round "2.8"]
[White "Braeutigam, Katerina"]
[Black "Reichelt, Lena"]
[Result "0-1"]
[WhiteElo "1115"]
[BlackElo "1524"]
[PlyCount "88"]
[EventDate "2017.09.29"]
[EventType "team-swiss"]
[EventRounds "7"]
[EventCountry "GER"]
[SourceTitle "EXT 2018"]
[Source "ChessBase"]
[SourceDate "2017.10.13"]
[SourceVersion "1"]
[SourceVersionDate "2017.10.13"]
[SourceQuality "1"]
[WhiteTeam "Schleswig Holstein U20"]
[BlackTeam "Niedersachsen U20"]
[WhiteTeamCountry "GER"]
[BlackTeamCountry "GER"]

1. e4 c5 2. Be2 Nc6 3. d3 e6 4. c3 d5 5. exd5 exd5 6. Bf3 Nf6 7. Bf4 Bd6 8. Ne2 0-0 9. 0-0 Bxf4 10. Nxf4 Ne5 11. Be2 d4 12. c4 b6 13. Re1 Bb7 14. Nd2 Qd6 15. Nh3 h6 16. Rc1 Rfe8 17. f3 Qc6 18. Ne4 Nxe4 19. fxe4 f5 20. Nf2 f4 21. Ng4 Ng6 22. Nf2 Rf8 23. Rf1 Rf6 24. Ng4 Rf7 25. h3 Raf8 26. b3 Qe6 27. Rc2 Re7 28. Rf2 Ne5 29. Nxe5 Qxe5 30. Bh5 Kh7 31. Rf1 g6 32. Bf3 Bc8 33. Bg4 Bb7 34. Rcf2 h5 35. Be2 Ref7 36. Qd2 Qg5 37. Bd1 Bc8 38. Rf3 Qh6 39. Qf2 g5 40. Qe2 g4 41. R3f2 g3 42. Rf3 Bg4 43. hxg4 hxg4 44. Rxg3 fxg3 0-1

[Event "GER-chT Lands U20"]
[Site "Hannover"]
[Date "2017.09.30"]
[Round "1.8"]
[White "Reichelt, Lena"]
[Black "Schubert, Nikita"]
[Result "0-1"]
[WhiteElo "1524"]
[BlackElo "1727"]
[PlyCount "58"]
[EventDate "2017.09.29"]
[EventType "team-swiss"]
[EventRounds "7"]
[EventCountry "GER"]
[SourceTitle "EXT 2018"]
[Source "ChessBase"]
[SourceDate "2017.10.13"]
[SourceVersion "1"]
[SourceVersionDate "2017.10.13"]
[SourceQuality "1"]
[WhiteTeam "Niedersachsen U20"]
[BlackTeam "Thueringen U20"]
[WhiteTeamCountry "GER"]
[BlackTeamCountry "GER"]

1. d4 Nf6 2. Nf3 e6 3. e3 b6 4. c4 Bb7 5. Bd3 c5 6. 0-0 cxd4 7. exd4 Be7 8. Nc3 0-0 9. d5 d6 10. Re1 e5 11. b3 Na6 12. Ba3 Nc5 13. Bxc5 bxc5 14. Qc2 g6 15. Qc1 Re8 16. Rb1 Nd7 17. a3 f5 18. Bf1 a6 19. b4 Bf6 20. Na4 Rb8 21. Rb3 e4 22. Nd2 Bd4 23. g3 Ba8 24. Qb1 Qg5 25. Qa2 Ne5 26. Bg2 Ng4 27. Re2 e3 28. fxe3 Bxe3+ 29. Kh1 Bxd2 0-1

[Event "GER-ch U12 Girls"]
[Site "Willingen"]
[Date "2017.06.09"]
[Round "9"]
[White "Orlova, Alicia"]
[Black "Reichelt, Lena"]
[Result "1-0"]
[WhiteElo "1452"]
[BlackElo "1508"]
[PlyCount "117"]
[EventDate "2017.06.04"]
[EventType "swiss"]
[EventRounds "11"]
[EventCountry "GER"]
[SourceTitle "CBM 178 Extra"]
[Source "ChessBase"]
[SourceDate "2017.06.22"]
[SourceVersion "1"]
[SourceVersionDate "2017.06.22"]
[SourceQuality "1"]

1. e4 e6 2. Qe2 Ne7 3. g3 d5 4. e5 c5 5. Bg2 Nbc6 6. c3 Qb6 7. Nf3 Ng6 8. 0-0 Be7 9. d3 0-0 10. Nbd2 Bd7 11. Re1 Rac8 12. Nb3 a5 13. h4 h6 14. h5 Nh8 15. Be3 a4 16. Nc1 Qc7 17. d4 cxd4 18. cxd4 Nb4 19. Rd1 Qc2 20. Qxc2 Nxc2 21. Rb1 Nxe3 22. fxe3 Rc2 23. Nd3 g6 24. g4 Kh7 25. Rbc1 Rfc8 26. Rxc2 Rxc2 27. Rc1 Rxc1+ 28. Nxc1 gxh5 29. gxh5 f6 30. Nd3 b6 31. exf6 Bxf6 32. Bh3 Nf7 33. Kf2 Nd6 34. Nf4 Ne4+ 35. Ke1 Bg5 36. Nxd5 exd5 37. Nxg5+ hxg5 38. Bxd7 Nf6 39. Bxa4 Nxh5 40. Bc6 Nf6 41. a4 g4 42. Kf1 Kg7 43. b4 Ne4 44. a5 bxa5 45. bxa5 Nd6 46. a6 Nc8 47. Bb7 Na7 48. Bxd5 Kf8 49. Be6 g3 50. Kg2 Ke7 51. Bc4 Kd6 52. Kxg3 Kc7 53. e4 Kb6 54. e5 Nc6 55. Kf4 Nxd4 56. Ke4 Nc6 57. e6 Nd8 58. Kd5 Nc6 59. Kd6 1-0

[Event "GER-ch U12 Girls"]
[Site "Willingen"]
[Date "2017.06.06"]
[Round "5"]
[White "Derling, Charlotte"]
[Black "Reichelt, Lena"]
[Result "0-1"]
[WhiteElo "1073"]
[BlackElo "1508"]
[PlyCount "90"]
[EventDate "2017.06.04"]
[EventType "swiss"]
[EventRounds "11"]
[EventCountry "GER"]
[SourceTitle "CBM 178 Extra"]
[Source "ChessBase"]
[SourceDate "2017.06.22"]
[SourceVersion "1"]
[SourceVersionDate "2017.06.22"]
[SourceQuality "1"]

1. e4 e6 2. d4 d5 3. Nc3 Nf6 4. e5 Nfd7 5. Bb5 a6 6. Bxd7+ Nxd7 7. Nf3 c5 8. Be3 Be7 9. 0-0 0-0 10. Ne2 b6 11. c3 Bb7 12. Rb1 Rc8 13. Qd2 Rc6 14. Rfc1 f6 15. Bf4 fxe5 16. Nxe5 Nxe5 17. Bxe5 Bf6 18. Bf4 Rf7 19. Rd1 Qc8 20. Bg5 Qd8 21. Bf4 a5 22. a3 Ba6 23. Be3 Qc8 24. b4 cxb4 25. cxb4 Rc2 26. Qxc2 Qxc2 27. Nf4 Qc8 28. Rdc1 Qd7 29. bxa5 bxa5 30. Rb8+ Rf8 31. Rb6 Bc8 32. Rcc6 Bxd4 33. Bxd4 Rxf4 34. Be5 Re4 35. Bc3 Rc4 36. Rxc4 dxc4 37. h3 Qd1+ 38. Kh2 Qd7 39. Rb2 Qd6+ 40. Kg1 Qxa3 41. Rb8 Qc1+ 42. Kh2 Qf4+ 43. Kg1 Qxb8 44. Bxa5 Qe5 45. Bb4 c3 0-1

[Event "GER-ch U12 Girls"]
[Site "Willingen"]
[Date "2017.06.04"]
[Round "1"]
[White "Juenk, Ellen"]
[Black "Reichelt, Lena"]
[Result "0-1"]
[WhiteElo "1229"]
[BlackElo "1508"]
[PlyCount "46"]
[EventDate "2017.06.04"]
[EventType "swiss"]
[EventRounds "11"]
[EventCountry "GER"]
[SourceTitle "CBM 178 Extra"]
[Source "ChessBase"]
[SourceDate "2017.06.22"]
[SourceVersion "1"]
[SourceVersionDate "2017.06.22"]
[SourceQuality "1"]

1. e4 e6 2. d4 d5 3. exd5 exd5 4. Bd3 Nf6 5. Ne2 Bd6 6. Bf4 0-0 7. 0-0 Re8 8. Re1 Bg4 9. f3 Bh5 10. Bxd6 Qxd6 11. c3 Bg6 12. Bxg6 hxg6 13. Nd2 b6 14. Qc2 c5 15. b3 Nc6 16. a3 Rac8 17. Qb2 Rc7 18. c4 Rce7 19. dxc5 Qxc5+ 20. Kf1 Ne5 21. Qc3 d4 22. Nxd4 Rd8 23. Ne2 Nd3 0-1

[Event "GER-chT Lands U20"]
[Site "Hannover"]
[Date "2016.10.05"]
[Round "7.8"]
[White "Reichelt, Lena"]
[Black "Visvikis, Kassandra"]
[Result "1-0"]
[WhiteElo "1393"]
[BlackElo "1278"]
[PlyCount "80"]
[EventDate "2016.10.01"]
[EventType "team-swiss"]
[EventRounds "7"]
[EventCountry "GER"]
[SourceTitle "CBM 174 Extra"]
[Source "ChessBase"]
[SourceDate "2016.10.10"]
[SourceVersion "1"]
[SourceVersionDate "2016.10.10"]
[SourceQuality "1"]
[WhiteTeam "Niedersachsen"]
[BlackTeam "Baden II"]
[WhiteTeamCountry "GER"]
[BlackTeamCountry "GER"]

1. d4 d5 2. Nf3 e6 3. e3 Nf6 4. c4 c5 5. cxd5 exd5 6. dxc5 Bxc5 7. Nc3 Nc6 8. Bb5 0-0 9. 0-0 d4 10. exd4 Nxd4 11. Nxd4 Bxd4 12. Qc2 Qc7 13. Bd2 a6 14. Bd3 Ng4 15. Bxh7+ Kh8 16. g3 g6 17. Bf4 Qc6 18. Bxg6 Qxg6 19. Qxg6 fxg6 20. h4 Bxf2+ 21. Rxf2 Nxf2 22. Kxf2 Bg4 23. Re1 Rad8 24. Kg2 Rfe8 25. Rc1 b5 26. a3 Rd3 27. Rf1 Bd7 28. Bg5 Re6 29. Rf8+ Kg7 30. Rf1 a5 31. Rf2 b4 32. axb4 axb4 33. Na2 Rb3 34. Nc1 Rxb2 35. Rxb2 Rb6 36. Nd3 Bc6+ 37. Kf2 b3 38. Nc5 Rb5 39. Ne6+ Kf7 40. Nd4 Rc5 1-0

[Event "GER-chT Lands U20"]
[Site "Hannover"]
[Date "2016.10.02"]
[Round "2.8"]
[White "Reichelt, Lena"]
[Black "Basovskiy, Jana"]
[Result "1-0"]
[WhiteElo "1393"]
[BlackElo "1522"]
[PlyCount "107"]
[EventDate "2016.10.01"]
[EventType "team-swiss"]
[EventRounds "7"]
[EventCountry "GER"]
[SourceTitle "CBM 174 Extra"]
[Source "ChessBase"]
[SourceDate "2016.10.10"]
[SourceVersion "1"]
[SourceVersionDate "2016.10.10"]
[SourceQuality "1"]
[WhiteTeam "Niedersachsen"]
[BlackTeam "Baden"]
[WhiteTeamCountry "GER"]
[BlackTeamCountry "GER"]

1. d4 d5 2. Nf3 e6 3. e3 Nf6 4. Bd3 Be7 5. 0-0 0-0 6. Nbd2 c5 7. b3 Nbd7 8. Bb2 b6 9. dxc5 Nxc5 10. Be2 Bb7 11. c4 Rc8 12. cxd5 Nxd5 13. Rc1 Bf6 14. Bxf6 Qxf6 15. Nc4 Rfd8 16. Qd4 Qf5 17. Qe5 Qxe5 18. Nfxe5 Ne4 19. Bf3 Nef6 20. Rcd1 Ba6 21. Rfe1 b5 22. Na5 Nc3 23. Rxd8+ Rxd8 24. Nac6 Rd2 25. Nb4 Bc8 26. Rc1 Rb2 27. h3 Rb1 28. Rxb1 Nxb1 29. Nec6 Kf8 30. Nxa7 Bd7 31. Bc6 Bxc6 32. Nbxc6 Nc3 33. a3 Nfe4 34. f3 Nd2 35. Nd4 Ke7 36. b4 Nc4 37. Naxb5 Nxb5 38. Nxb5 Nxe3 39. Kf2 Nc2 40. Ke2 Kd7 41. Kd2 Nxb4 42. axb4 Kc6 43. Nd4+ Kd5 44. Kc3 e5 45. Nf5 g6 46. Ne3+ Kc6 47. Kc4 f5 48. b5+ Kb6 49. Nd5+ Kb7 50. Kc5 g5 51. Ne3 f4 52. Nc4 Kc7 53. Nxe5 Kb7 54. Nf7 1-0

[Event "GER-ch U12 Girls"]
[Site "Willingen"]
[Date "2016.05.18"]
[Round "6"]
[White "Reichelt, Lena"]
[Black "Bayer, Melissa"]
[Result "0-1"]
[WhiteElo "1261"]
[BlackElo "1303"]
[PlyCount "47"]
[EventDate "2016.05.15"]
[EventType "swiss"]
[EventRounds "11"]
[EventCountry "GER"]
[SourceTitle "CBM 172 Extra"]
[Source "ChessBase"]
[SourceDate "2016.06.21"]
[SourceVersion "1"]
[SourceVersionDate "2016.06.21"]
[SourceQuality "1"]

1. e4 e5 2. Nf3 Nc6 3. Nc3 d6 4. h3 f5 5. exf5 Bxf5 6. Bb5 Nf6 7. d4 exd4 8. Nxd4 Bd7 9. Nxc6 bxc6 10. Bd3 d5 11. 0-0 Bd6 12. Re1+ Kf7 13. Bg5 h6 14. Bxf6 Qxf6 15. Qh5+ g6 16. Qd1 Raf8 17. Re3 Kg7 18. Rf3 Qh4 19. Qd2 Rxf3 20. gxf3 Qxh3 21. f4 Qg4+ 22. Kf1 Bxf4 23. Qe2 Qh3+ 24. Ke1 0-1

[Event "GER-ch U12 Girls"]
[Site "Willingen"]
[Date "2016.05.15"]
[Round "2"]
[White "Reuter, Elisa"]
[Black "Reichelt, Lena"]
[Result "1/2-1/2"]
[WhiteElo "1364"]
[BlackElo "1261"]
[PlyCount "104"]
[EventDate "2016.05.15"]
[EventType "swiss"]
[EventRounds "11"]
[EventCountry "GER"]
[SourceTitle "CBM 172 Extra"]
[Source "ChessBase"]
[SourceDate "2016.06.21"]
[SourceVersion "1"]
[SourceVersionDate "2016.06.21"]
[SourceQuality "1"]

1. e4 e6 2. d4 d5 3. Nc3 Bb4 4. e5 c5 5. a3 Bxc3+ 6. bxc3 Qb6 7. Qg4 g6 8. Ne2 Nc6 9. Qf4 Nge7 10. g4 Bd7 11. Bg2 c4 12. 0-0 h5 13. g5 Nf5 14. Bd2 0-0-0 15. Rfb1 Qc7 16. Ng3 Nce7 17. Nxf5 Nxf5 18. h4 Ba4 19. Rb2 Qe7 20. Raa2 Rdg8 21. Rb4 Bc6 22. a4 Qd7 23. a5 a6 24. Rb1 Bb5 25. Bc1 Kb8 26. Ba3 Ka8 27. Bc5 Qe8 28. Bb6 Qd7 29. Bc5 Qe8 30. Ba3 Qd7 31. Bc1 Qe8 32. Bd2 Qd7 33. Be1 Qe8 34. f3 Qd7 35. Bf2 Qe7 36. Qc1 Qd7 37. Qa3 Qe7 38. Qxe7 Nxe7 39. Bh3 Nc6 40. Be3 Re8 41. Kh2 Rd8 42. Bc1 Rde8 43. Kg3 Reg8 44. f4 Rd8 45. Ba3 Rde8 46. Bb4 Rd8 47. Bg2 Rde8 48. Bf3 Rd8 49. Re1 Rde8 50. Raa1 Rd8 51. Ra2 Rde8 52. Kh3 Rd8 1/2-1/2

[Event "GER-ch U10"]
[Site "Willingen"]
[Date "2015.05.29"]
[Round "10"]
[White "Kurzweil, Nalani"]
[Black "Reichelt, Lena"]
[Result "1/2-1/2"]
[WhiteElo "1209"]
[BlackElo "1285"]
[PlyCount "44"]
[EventDate "2015.05.24"]
[EventType "swiss"]
[EventRounds "11"]
[EventCountry "GER"]
[SourceTitle "CBM 166 Extra"]
[Source "ChessBase"]
[SourceDate "2015.06.18"]
[SourceVersion "1"]
[SourceVersionDate "2015.06.18"]
[SourceQuality "1"]

1. e4 e6 2. Nf3 d5 3. e5 c5 4. b4 cxb4 5. d4 Nc6 6. a3 bxa3 7. c3 Bd7 8. Bd3 f6 9. Nfd2 Qc7 10. Qh5+ Kd8 11. Qf7 Nh6 12. Qh5 f5 13. Nf3 Be8 14. Qh4+ Be7 15. Qg3 Bg6 16. Ng5 Kd7 17. f4 Nxd4 18. 0-0 Nc6 19. Kh1 Bxg5 20. Qxg5 Nf7 21. Qg3 Rhe8 22. Nxa3 a6 1/2-1/2

[Event "GER-ch U10"]
[Site "Willingen"]
[Date "2015.05.25"]
[Round "3"]
[White "Reichelt, Lena"]
[Black "Colbow, Collin"]
[Result "0-1"]
[WhiteElo "1285"]
[BlackElo "1489"]
[PlyCount "100"]
[EventDate "2015.05.24"]
[EventType "swiss"]
[EventRounds "11"]
[EventCountry "GER"]
[SourceTitle "CBM 166 Extra"]
[Source "ChessBase"]
[SourceDate "2015.06.18"]
[SourceVersion "1"]
[SourceVersionDate "2015.06.18"]
[SourceQuality "1"]

1. e4 e5 2. Nf3 Nc6 3. d4 exd4 4. Bc4 Bc5 5. c3 Nf6 6. e5 d5 7. Bb5 Ne4 8. Nxd4 Bd7 9. Bxc6 bxc6 10. Nd2 Qg5 11. Nxe4 Qxe5 12. Qe2 Qxe4 13. Qxe4+ dxe4 14. Be3 Bb6 15. b4 0-0 16. 0-0 a5 17. a3 Rfe8 18. Rfd1 Red8 19. h3 c5 20. bxc5 Bxc5 21. Nc6 Bxc6 22. Bxc5 f5 23. Rab1 Rab8 24. Rxd8+ Rxd8 25. Bd4 Kf7 26. Kf1 g6 27. Ke2 Ke6 28. Ke3 g5 29. f4 exf3 30. gxf3 f4+ 31. Kf2 Kf5 32. Rb2 h5 33. Rb1 Rg8 34. Rg1 Rb8 35. c4 Rb3 36. Re1 Rxf3+ 37. Kg1 Be4 38. Kg2 Rxa3+ 39. Kh2 Ra2+ 40. Kg1 Rg2+ 41. Kf1 Rh2 42. Bc3 Rxh3 43. Bxa5 Rh1+ 44. Kf2 Rxe1 45. Kxe1 c6 46. Bd8 g4 47. Bh4 g3 48. Kf1 Kg4 49. Be7 f3 50. Bc5 f2 0-1

[Event "GER-ch U10"]
[Site "Willingen"]
[Date "2015.05.24"]
[Round "1"]
[White "Reichelt, Lena"]
[Black "Bress, Amy Charlize"]
[Result "1-0"]
[WhiteElo "1285"]
[BlackElo "941"]
[PlyCount "53"]
[EventDate "2015.05.24"]
[EventType "swiss"]
[EventRounds "11"]
[EventCountry "GER"]
[SourceTitle "CBM 166 Extra"]
[Source "ChessBase"]
[SourceDate "2015.06.18"]
[SourceVersion "1"]
[SourceVersionDate "2015.06.18"]
[SourceQuality "1"]

1. e4 c6 2. d4 d5 3. exd5 cxd5 4. Nc3 Nf6 5. Bd3 Nc6 6. Nge2 Bg4 7. f3 Bd7 8. Bg5 h6 9. Bxf6 exf6 10. Nxd5 Be6 11. Ndc3 Nxd4 12. Nxd4 Qxd4 13. Bb5+ Qd7 14. Bxd7+ Bxd7 15. Qd2 Be7 16. 0-0-0 Be6 17. Nd5 Bxd5 18. Qxd5 Rb8 19. Rhe1 Kf8 20. Qd7 Re8 21. Rd2 f5 22. Rde2 Bg5+ 23. Kb1 Rxe2 24. Rxe2 Kg8 25. Re8+ Kh7 26. Qxf5+ g6 27. Qxf7# 1-0

[Event "Niedersachsen-ch op-B"]
[Site "Verden"]
[Date "2015.01.04"]
[Round "6"]
[White "Blanke, Jannes"]
[Black "Reichelt, Lena"]
[Result "1/2-1/2"]
[WhiteElo "1110"]
[BlackElo "1212"]
[PlyCount "88"]
[EventDate "2015.01.02"]
[EventType "swiss"]
[EventRounds "7"]
[EventCountry "GER"]
[SourceTitle "EXT 2018"]
[Source "ChessBase"]
[SourceDate "2017.10.13"]
[SourceVersion "1"]
[SourceVersionDate "2017.10.13"]
[SourceQuality "1"]

1. e4 e6 2. d4 d5 3. e5 c5 4. c3 Qb6 5. Nf3 Nc6 6. Be2 Be7 7. Qd3 cxd4 8. cxd4 Nh6 9. 0-0 Nf5 10. Rd1 0-0 11. Nc3 Bd7 12. Rb1 Rac8 13. Be3 Nxe3 14. Qxe3 Bb4 15. Rdc1 Ne7 16. Qd3 Bxc3 17. Rxc3 Rxc3 18. Qxc3 Rc8 19. Qd2 Ba4 20. Bd1 Bb5 21. Rc1 Bc4 22. Qc3 Rc6 23. Ba4 Bb5 24. Qd2 Rxc1+ 25. Qxc1 Bxa4 26. b3 Qc6 27. Qa3 Bb5 28. h3 Nf5 29. Qxa7 Qc8 30. Qa5 Be2 31. Qa4 Bxf3 32. gxf3 Nh4 33. f4 g6 34. Kh2 Qc2 35. Kg3 Nf5+ 36. Kg2 Qe4+ 37. Kg1 Nh4 38. Kf1 Qxf4 39. Qe8+ Kg7 40. Qe7 Qf3 41. Qxh4 Qd3+ 42. Kg1 Qf5 43. a4 Qb1+ 44. Kh2 Qxb3 1/2-1/2

[Event "Niedersachsen-ch op-B"]
[Site "Verden"]
[Date "2015.01.02"]
[Round "2"]
[White "Reichelt, Lena"]
[Black "Blanke, Jonas"]
[Result "1-0"]
[WhiteElo "1212"]
[BlackElo "958"]
[PlyCount "85"]
[EventDate "2015.01.02"]
[EventType "swiss"]
[EventRounds "7"]
[EventCountry "GER"]
[SourceTitle "EXT 2018"]
[Source "ChessBase"]
[SourceDate "2017.10.13"]
[SourceVersion "1"]
[SourceVersionDate "2017.10.13"]
[SourceQuality "1"]

1. d4 d5 2. Nf3 Nc6 3. e3 Nf6 4. c4 Bf5 5. Nc3 e6 6. a3 g6 7. Qb3 Rb8 8. Be2 Bg7 9. 0-0 0-0 10. Bd2 b6 11. cxd5 exd5 12. Rac1 Na5 13. Qd1 c5 14. Na2 Nb7 15. Ne5 Qc7 16. Nc3 Rfd8 17. Nb5 Qc8 18. Nxa7 Qc7 19. Nac6 Ne4 20. Nxd8 Nxd8 21. Nd3 c4 22. Nb4 Qd6 23. f3 Nxd2 24. Qxd2 Bh6 25. f4 Nc6 26. Nxc6 Qxc6 27. b3 b5 28. bxc4 dxc4 29. Bf3 Qd6 30. Qb4 Qe6 31. Rfe1 Be4 32. Bxe4 Qxe4 33. Rxc4 bxc4 34. Qxb8+ Kg7 35. Qb1 Qe6 36. a4 Qa6 37. Qb5 Qe6 38. Qe5+ Qxe5 39. dxe5 Kf8 40. a5 c3 41. Rc1 Ke8 42. a6 Bf8 43. a7 1-0

[Event "GER-chT Lands U20"]
[Site "Hannover"]
[Date "2014.10.06"]
[Round "6.8"]
[White "Geletzke, Hannah"]
[Black "Reichelt, Lena"]
[Result "1-0"]
[WhiteElo "1251"]
[BlackElo "1274"]
[PlyCount "90"]
[EventDate "2014.10.03"]
[EventType "team-swiss"]
[EventRounds "7"]
[EventCountry "GER"]
[SourceTitle "CBM 162 Extra"]
[Source "ChessBase"]
[SourceDate "2014.10.17"]
[SourceVersion "1"]
[SourceVersionDate "2014.10.17"]
[SourceQuality "1"]
[WhiteTeam "Thueringen"]
[BlackTeam "Niedersachsen II"]
[WhiteTeamCountry "GER"]
[BlackTeamCountry "GER"]

1. e4 e6 2. d4 d5 3. exd5 exd5 4. Bd3 Nf6 5. Ne2 Bd6 6. Bf4 c6 7. Nd2 0-0 8. 0-0 Bg4 9. f3 Be6 10. Re1 Qc7 11. Bxd6 Qxd6 12. Ng3 Re8 13. Nb3 Nbd7 14. Qd2 Nb6 15. Nc5 Rab8 16. b3 Nbd7 17. Nxe6 Rxe6 18. Re2 Rxe2 19. Nxe2 Re8 20. Re1 Nh5 21. Ng3 Nhf6 22. Rxe8+ Nxe8 23. Qg5 Qf6 24. Qg4 g6 25. Qxd7 Ng7 26. Qc8+ Ne8 27. Qxe8+ Kg7 28. Qe5 Qxe5 29. dxe5 Kf8 30. Kf2 Ke7 31. f4 f5 32. Ne2 Ke6 33. Kg3 h6 34. h4 h5 35. c4 a6 36. b4 Ke7 37. Nc3 dxc4 38. Bxc4 Ke8 39. a4 Ke7 40. Kf3 Ke8 41. Ke3 Ke7 42. Kd4 Ke8 43. Kc5 Ke7 44. Kb6 Kd8 45. Kxb7 Kd7 1-0

[Event "Hannover Ihme Cup"]
[Site "Hannover"]
[Date "2014.05.11"]
[Round "5"]
[White "Reichelt, Lena"]
[Black "Nagel, Detlev"]
[Result "0-1"]
[WhiteElo "1130"]
[BlackElo "1635"]
[PlyCount "72"]
[EventDate "2014.05.09"]
[EventType "swiss"]
[EventRounds "5"]
[EventCountry "GER"]
[SourceTitle "EXT 2021"]
[Source "ChessBase"]
[SourceDate "2020.10.23"]
[SourceVersion "1"]
[SourceVersionDate "2020.10.23"]
[SourceQuality "1"]

1. d4 g6 2. Nf3 Bg7 3. e3 Nf6 4. Bd3 0-0 5. Nbd2 d5 6. 0-0 Nbd7 7. c4 c6 8. b3 c5 9. Ba3 b6 10. Re1 Re8 11. Qc2 e5 12. dxe5 Nxe5 13. Nxe5 Rxe5 14. Bb2 Re8 15. Nf3 Bb7 16. Rad1 Qe7 17. Qd2 Rad8 18. Qe2 Ne4 19. Bxe4 dxe4 20. Nd4 cxd4 21. exd4 f5 22. d5 f4 23. Bc1 g5 24. Bb2 Bxb2 25. Qxb2 h5 26. f3 e3 27. Rd4 Qg7 28. Red1 g4 29. Qe2 Bc8 30. R1d3 gxf3 31. Qxf3 e2 32. Re4 e1Q+ 33. Rxe1 Rxe1+ 34. Kf2 Rde8 35. Rd2 Qg5 36. d6 Qc5+ 0-1